Responses for show #2927 - Tuesday, April 29, 1997

1997 Celebrity Jeopardy! game 2.

Contestants

Patrick Duffy, an actor from Step by Step

Sharon Lawrence, an actress from Fired Up

Chris Hardwick, a television personality from Singled Out

Jeopardy! Round responses

EASY HISTORY
KITCHEN UTENSILS
"M"TV
MOUNTAINS
SUPERSTITION
HOORAY FOR HOLLYWOOD
    $100 4
Czechoslovakia

Patrick
    $100 3
ladle

Chris
    $100 5
Murder, She Wrote

Patrick
    $100 6
Italy

Patrick
    $100 1
see each other

Sharon
    $100 2
Vine

Sharon
    $200 7
Suez Canal

Patrick
    $200 11
grater

Patrick
    $200 16
Murphy Brown

Chris
    $200 18
Mount Fuji

Patrick
    $200 13
throw the salt over your shoulder

Patrick
    $300 8
Genghis Khan

Patrick
    $300 12
carving knife

Chris
    $300 17
(Alex: We have about a minute left in the round.)

Miami Vice

Chris
    $300 19
the Andes

Triple Stumper
    $300 21
(Alex: Snow, rain or any kind of precipitation.)

snow

Sharon
    $400 9
Mao Tse-tung

Patrick
    $400 14
chopsticks

Sharon
    $400 20
Mad About You & My Two Dads

Chris
    $400 23
(Sharon: What is a klamath?)
....
[buzzer sounds to end the round]

shamrock

Sharon
Triple Stumper
    $500 10
(Chris: What is India?)

Ireland

ChrisPatrick
    $500 15
garlic press

Patrick
    $500 22
Masterpiece Theater

Triple Stumper

Scores at the first commercial break (after clue 12):

Chris Sharon Patrick
-$100 $200 $1,900

Scores at the end of the Jeopardy! Round:

Chris Sharon Patrick
$800 $500 $2,800

Double Jeopardy! Round responses

TOUGH HISTORY
(Alex: We had an easy time in the first round!)
NEWS MEDIA
MEDICAL KNOW-HOW
TRAVEL & TOURISM
FAMOUS WOMEN
LITERATURE
    $200 19
the Mayflower

Sharon
    $200 6
tabloids

Patrick
    $200 2
heart

Patrick
    $200 26
the Colosseum

Sharon
    $200 1
Elizabeth Taylor

Chris
    $200 13
Edgar Allan Poe

Sharon
    $400 20
Spain

Patrick
    $400 7
(Patrick: Who is Lehrer?)
(Alex: It's now called "The Newshour with Jim Lehrer".)

Robert MacNeil

SharonPatrick
    $400 3
(Sharon: This is a tough one, what is 20%?)
(Patrick: What is 10?)

30

ChrisSharonPatrick
    $400 27
[buzzer sounds to end the round]

Catalina Island

Patrick
    $2,400 12
Elle Macpherson

Chris
    $400 17
"The Canterbury Tales"

Sharon
    $600 21
(Patrick: What is the Monroe Doctrine?)
....
(Alex: We have a minute to go.)

James Monroe

Patrick
    $600 8
Christian Science

Sharon
    $600 4
amniocentesis

Patrick
    $600 14
(Patrick: Who is Jackie O.?)

Jacqueline Kennedy Onassis

Patrick
    $2,500 18
F. Scott Fitzgerald

Sharon
    $800 22
the Hindenburg

Chris
    $800 9
The Wall Street Journal

Chris
    $800 5
(Chris: What is the retina?)
(Patrick: What is the lens?)

cornea

ChrisSharonPatrick
    $800 15
Jane Goodall

Chris
    $800 24
James Fenimore Cooper

Patrick
    $1000 23
(Patrick: What are the Boer Wars?)

the Boer War

Patrick
    $1000 11
The Washington Post

Chris
    $1000 10
tracheotomy

Patrick
    $1000 16
(Chris: Who is Annie Leibowitz?)

Annie Leibovitz

Chris
Triple Stumper
    $1000 25
Truman Capote

Patrick

Scores at the end of the Double Jeopardy! Round:

Chris Sharon Patrick
$5,400 $5,400 $8,000

[wagering suggestions for these scores]

Final Jeopardy! Round responses

U.S. PRESIDENTS
(Alex: I can tell you now if you said Ronald Reagan, you are wrong!)
SharonWho is James
$2,500
ChrisWho is Washington?
$5,400
PatrickWho is Eisenhower
$8,000
George Washington

Final scores:

Chris Sharon Patrick
$10,800 $2,900 $0
Winner: $15,800 for the Hospice of the Treasure Coast in Fort Pierce, Florida 2nd place: $10,000 for the Starlight Children's Foundation 3rd place: $10,000 for the Pacific Northwest Museum

Game dynamics:

Coryat scores:

Chris Sharon Patrick
$3,400 $3,500 $8,000
12 R
(including 1 DD),
3 W
12 R
(including 1 DD),
2 W
22 R,
3 W

Combined Coryat: $14,900

The J! Archive is created by fans, for fans. The Jeopardy! game show and all elements thereof, including but not limited to copyright and trademark thereto, are the property of Jeopardy Productions, Inc. and are protected under law. This website is not affiliated with, sponsored by, or operated by Jeopardy Productions, Inc. Join the discussion at JBoard.tv.